NBA 2021 Position Rankings - Statistics

General Stats
  • This quiz has been taken 195 times
  • The average score is 107 of 150
Answer Stats
Hint Team Answer % Correct
4. BKN Kyrie Irving
100%
2. DAL Luka Doncic
100%
18. PHI Seth Curry
100%
PG 1. GSW Steph Curry
100%
5. PHO Chris Paul
99%
3. POR Damian Lillard
99%
SG 1. BKN James Harden
98%
7. ATL Trae Young
98%
4. WAS Bradley Beal
97%
2. LAC Paul George
97%
6. WAS Russell Westbrook
97%
5. PHO Devin Booker
96%
3. UTA Donovan Mitchell
96%
2. MIL Giannis Antetokounmpo
96%
11. DEN Jamal Murray
96%
12. MEM Ja Morant
96%
4. BOS Jayson Tatum
96%
2. LAC Kawhi Leonard
96%
PF 1. BKN Kevin Durant
96%
SF 1. LAL LeBron James
96%
17. CHI Thadeous Young
96%
3. LAL Anthony Davis
94%
8. PHI Ben Simmons
94%
9. SAC De'Aaron Fox
94%
19. SA Dejounte Murray
94%
5. BOS Jaylen Brown
94%
3. MIA Jimmy Butler
94%
2. PHI Joel Embiid
94%
25. OKC Moses Brown
94%
C 1. DEN Nikola Jokic
94%
9. TOR Pascal Siakam
94%
5. NO Zion Williamson
94%
4. MIL Khris Middleton
93%
18. CHA Lamelo Ball
93%
3. UTA Rudy Gobert
93%
4. MIN Karl Anthony-Towns
92%
17. TOR Kyle Lowry
92%
6. CHI Zach Lavine
92%
6. NO Brandon Ingram
91%
19. PHI Danny Green
91%
10. GSW Draymond Green
91%
10. MIL Jrue Holiday
91%
23. NO Lonzo Ball
91%
5. MIA Bam Adebayo
90%
7. OKC Shai Gilgeous-Alexander
90%
8. POR C.J. Mccollum
88%
6. IND Domantas Sabonis
88%
7. NY Julius Randle
88%
13. BOS Kemba Walker
88%
29. ORL Micheal Carter-Williams
88%
24. CHI Patrick Williams
88%
16. HOU John Wall
87%
10. PHO De'Andre Ayton
86%
7. SA DeMar Derozan
86%
25. ORL Gary Harris
86%
18. BKN Joe Harris
86%
8. PHI Tobais Harris
86%
15. UTA Mike Conley
85%
7. ATL Clint Capela
84%
12. DAL Kristaps Porzingis
83%
6. CHI Nikola Vucevic
83%
10. GSW Andrew Wiggins
81%
11. CLE Collin Sexton
81%
11. ATL John Collins
81%
17. HOU Kevin Porter Jr.
81%
11. DEN Micheal Porter Jr.
81%
13. DEN Aaron Gordon
80%
24. CLE Darius Garland
80%
21. MIN D'Angelo Russell
79%
27. SA Derrick White
79%
9. TOR Fred VanVleet
79%
12. BOS Marcus Smart
79%
17. MIN Anthony Edwards
78%
15. SAC Buddy Hield
78%
8. IND Myles Turner
78%
24. MIA Duncan Robinson
77%
14. IND Malcolm Brogdon
77%
15. NY Mitchell Robinson
77%
19. NO Steven Adams
76%
13. CHA Terry Rozier
76%
11. CLE Jarrett Allen
75%
30. DET Josh Jackson
75%
25. LAC Reggie Jackson
75%
9. CHA Gordon Hayward
74%
14. LAL Andre Drummond
73%
29. MEM Grayson Allen
73%
8. DET Jerami Grant
73%
23. BOS Tristan Thompson
73%
20. BKN DeAndre Jordan
72%
26. ATL Bogdan Bogdanovic
71%
16. UTA Bojan Bogdanovic
71%
21. MIL Brook Lopez
71%
15. PHO Mikal Bridges
71%
22. LAL Dennis Schroder
70%
20. MIA Victor Oladipo
70%
9. HOU Christian Wood
68%
12. MEM Jonas Valanciunas
68%
20. LAL Kentavious Caldwell-Pope
65%
26. CLE Kevin Love
65%
16. NY R.J. Barrett
65%
10. IND Caris LeVert
63%
26. DAL Dorian Finney-Smith
63%
18. LAC Serge Ibaka
61%
14. SAC Harrison Barnes
60%
24. GSW James Wiseman
60%
12. POR Norman Powell
60%
16. SA Keldon Johnson
58%
21. GSW Kelly Oubre Jr.
58%
13. IND T.J. Warren
57%
28. NY Elfrid Payton
54%
13. POR Enes Kanter
54%
26. MEM Dillon Brooks
53%
22. ATL Kevin Huerter
53%
14. POR Robert Covington
53%
22. ORL Wendall Carter Jr.
53%
20. TOR OG Anunoby
52%
15. CHA P.J. Washington
52%
21. PHO Jae Crowder
51%
18. SAC Marvin Bagley
51%
26. CHA Cody Zeller
50%
27. SA Jakob Poeltl
50%
21. OKC Luguentz Dort
50%
19. WAS Rui Hachimura
50%
28. MIL Donte DiVincenzo
48%
23. NO Eric Bledsoe
45%
20. LAC Nicolas Batum
45%
22. DET Saddiq Bey
45%
17. SAC Richuan Holmes
44%
22. DEN Will Barton
42%
19. DAL Josh Richardson
40%
28. DAL Maxi Kleber
40%
16. TOR Chris Boucher
39%
23. MEM Kyle Anderson
38%
14. MIN Malik Beasley
36%
26. CHI Tomas Satoransky
36%
27. NY Reggie Bullock
35%
28. CLE Isaac Okoro
34%
27. UTA Royce O'Neale
34%
29. WAS Deni Avdija
32%
23. HOU Jae'sean Tate
31%
29. DET Isaiah Stewart
30%
24. OKC Darius Bazley
29%
30. WAS Alex Len
27%
25. HOU Kelly Olynyk
27%
30. DET Saban Lee
27%
28. MIA Trevor Ariza
27%
27. OKC Theo Maledon
21%
30. MIN Jaden McDaniels
17%
29. ORL Chuma Okeke
16%
30. ORL James Ennis
13%
No matching quizzes found
Score Distribution
Percent of People with Each Score
Percentile by Number Answered
Your Score History
You have not taken this quiz